| 000 | 01693nam a2200313Ia 4500 | ||
|---|---|---|---|
| 999 |
_c54823 _d54823 |
||
| 001 | 21892 | ||
| 003 | GE_BSU | ||
| 005 | 20211210121255.0 | ||
| 008 | 181216s2017||||ge |||||||||||||| ||geo|| | ||
| 020 | _a9789941253270 | ||
| 040 | _cGE_BSU | ||
| 041 | _ageo | ||
| 080 | _a657(075.8)+657.15(075.8) ბ-95 | ||
| 245 |
_aბუღალტრული აღრიცხვა : ბუღალტრული აღრიცხვის საფუძვლები : ფინანსური აღრიცხვა : _b[სახელმძღვანელო] / _c ა. ხორავა, ნ. კვატაშიძე, ნ. სრესელი,ზ. გოგრიჭიანი ; რედაქტორი რევაზ ძაძამია. |
||
| 250 | _aმე-7 შესწორებული გამოცემა | ||
| 264 |
_aთბილისი : _bმერიდიანი, _c2017. |
||
| 300 |
_a605 გვ.; _b28 სმ. |
||
| 504 | _aბიბლიოგრ.: გვ. 591-592. | ||
| 541 | _h35ლ. | ||
| 653 | _aბუღალტერია | ||
| 653 | _aსაბუღალტრო აღრიცხვა | ||
| 653 | _aფინანსური აღრიცხვა | ||
| 700 |
_aხორავა, ანჟელი _eავტორი _913183 |
||
| 700 |
_aკვატაშიძე, ნადეჟდა _eავტორი _913182 |
||
| 700 |
_aსრესელი, ნანა _eავტორი _913252 |
||
| 700 |
_aგოგრიჭიანი, ზეინაბ _eავტორი _913245 |
||
| 700 |
_aძაძამია, რევაზ _eრედაქტორი _9885 |
||
| 942 |
_cBK _2udc |
||